[Event "Titled Tuesday intern op 26th Jul Early"]
[Site "Chess.com INT"]
[Date "2022.07.26"]
[Round "6"]
[White "Shailendra, K Bajpai"]
[Black "Kejzar, Petra"]
[Result "0-1"]
[WhiteElo "2227"]
[BlackElo "2087"]
[PlyCount "32"]
[EventDate "2022.07.26"]
[EventType "swiss (blitz)"]
[EventRounds "11"]
[EventCountry "USA"]
[SourceTitle "EXT 2023"]
[Source "ChessBase"]
[SourceDate "2022.10.05"]
[SourceVersion "1"]
[SourceVersionDate "2022.10.05"]
[SourceQuality "1"]

1. e4 c5 2. Nc3 d6 3. g3 Nf6 4. Bg2 e6 5. Nge2 Be7 6. d4 cxd4 7. Nxd4 0-0 8. 0-0 a6 9. h3 Qc7 10. f4 Nc6 11. Be3 Nxd4 12. Bxd4 e5 13. Be3 h6 14. fxe5 dxe5 15. Rxf6 Bxf6 16. Nd5 Qd8 0-1

[Event "Titled Tuesday intern op 26th Jul Early"]
[Site "Chess.com INT"]
[Date "2022.07.26"]
[Round "2"]
[White "Shailendra, K Bajpai"]
[Black "Ozer, Omer Faruk"]
[Result "0-1"]
[WhiteElo "2227"]
[BlackElo "2317"]
[PlyCount "52"]
[EventDate "2022.07.26"]
[EventType "swiss (blitz)"]
[EventRounds "11"]
[EventCountry "USA"]
[SourceTitle "EXT 2023"]
[Source "ChessBase"]
[SourceDate "2022.10.05"]
[SourceVersion "1"]
[SourceVersionDate "2022.10.05"]
[SourceQuality "1"]

1. e4 d6 2. d4 Nf6 3. Nc3 e5 4. dxe5 dxe5 5. Qxd8+ Kxd8 6. Bg5 c6 7. 0-0-0+ Kc7 8. f4 h6 9. Bxf6 gxf6 10. f5 h5 11. Nf3 b5 12. Be2 Nd7 13. Kb1 Nc5 14. Nd2 b4 15. Nd5+ cxd5 16. exd5 Bxf5 17. Rhf1 Bg4 18. Bxg4 hxg4 19. Rxf6 Rxh2 20. Rxf7+ Kb6 21. Nc4+ Kb5 22. b3 Rxg2 23. a4+ bxa3 24. Nxa3+ Kb4 25. Nc4 a5 26. Rc7 a4 0-1

[Event "Titled Tuesday intern op 28th Jun Early"]
[Site "Chess.com INT"]
[Date "2022.06.28"]
[Round "10"]
[White "Shailendra, K Bajpai"]
[Black "Von Buelow, Georg"]
[Result "0-1"]
[WhiteElo "2227"]
[BlackElo "2361"]
[PlyCount "54"]
[EventDate "2022.06.28"]
[EventType "swiss (blitz)"]
[EventRounds "11"]
[EventCountry "USA"]
[SourceTitle "CBM 209 Extra"]
[Source "ChessBase"]
[SourceDate "2022.09.30"]
[SourceVersion "1"]
[SourceVersionDate "2022.09.30"]
[SourceQuality "1"]

1. e4 e5 2. Nf3 Nc6 3. d4 exd4 4. Nxd4 Nf6 5. Nxc6 bxc6 6. Bd3 d5 7. e5 Ng4 8. 0-0 Bc5 9. Bf4 f6 10. exf6 0-0 11. Bg5 Qd6 12. g3 Nxf6 13. Bxf6 Qxf6 14. Nd2 Bh3 15. Qh5 Bxf2+ 16. Kh1 Qh6 17. Qe2 Bxf1 18. Rxf1 Bxg3 19. Rg1 Bf4 20. Nf3 Rae8 21. Qg2 Re7 22. Nd4 Ref7 23. Nxc6 Qxc6 24. c4 Qh6 25. cxd5 Bd6 26. Be4 Rf2 27. Bxh7+ Qxh7 0-1

[Event "Titled Tuesday intern op 15 Mar Early"]
[Site "Chess.com INT"]
[Date "2022.03.15"]
[Round "8"]
[White "Martin Carmona, Gaston Manuel"]
[Black "Shailendra, K Bajpai"]
[Result "1-0"]
[WhiteElo "2329"]
[BlackElo "2227"]
[PlyCount "77"]
[EventDate "2022.03.15"]
[EventType "swiss (blitz)"]
[EventRounds "11"]
[EventCountry "USA"]
[SourceTitle "CBM 207 Extra"]
[Source "ChessBase"]
[SourceDate "2022.05.31"]
[SourceVersion "1"]
[SourceVersionDate "2022.05.31"]
[SourceQuality "1"]

1. d4 d5 2. c4 e6 3. Nf3 c6 4. g3 Nf6 5. Bg2 Be7 6. 0-0 0-0 7. Qc2 Nbd7 8. Nbd2 dxc4 9. Nxc4 c5 10. Rd1 b5 11. Nfe5 Nd5 12. Nc6 Qe8 13. Nxe7+ Qxe7 14. Ne3 Nb4 15. Qc3 Rb8 16. dxc5 Qxc5 17. Rxd7 Qxc3 18. bxc3 Bxd7 19. cxb4 Rfc8 20. Bb2 Bc6 21. Bxc6 Rxc6 22. f3 Rd8 23. Kf2 f6 24. a4 a6 25. axb5 axb5 26. Ra5 Rd2 27. Ba1 Rc1 28. g4 Rh1 29. g5 Rxh2+ 30. Kg3 Rhxe2 31. gxf6 gxf6 32. Ng4 Rg2+ 33. Kf4 e5+ 34. Kf5 Rd3 35. Nxf6+ Kf8 36. Ke6 Rxf3 37. Ra8+ Kg7 38. Rg8+ Kh6 39. Rxg2 1-0

[Event "Titled Tuesday intern op 04th Jan"]
[Site "Chess.com INT"]
[Date "2022.01.04"]
[Round "2"]
[White "Hardaway, Brewington"]
[Black "Shailendra, K Bajpai"]
[Result "0-1"]
[WhiteElo "2169"]
[BlackElo "2227"]
[PlyCount "58"]
[EventDate "2022.01.04"]
[EventType "swiss (blitz)"]
[EventRounds "11"]
[EventCountry "USA"]
[SourceTitle "EXT 2023"]
[Source "ChessBase"]
[SourceDate "2022.10.05"]
[SourceVersion "1"]
[SourceVersionDate "2022.10.05"]
[SourceQuality "1"]

1. e4 c5 2. Nf3 d6 3. d4 cxd4 4. Nxd4 Nf6 5. Nc3 g6 6. Bg5 Bg7 7. Bd3 0-0 8. Qd2 Nc6 9. Nde2 Ne5 10. 0-0-0 Be6 11. f4 Nc4 12. Bxc4 Bxc4 13. Qe3 Qa5 14. Nd4 Rfc8 15. f5 Bxa2 16. h4 Rc4 17. h5 Rac8 18. hxg6 Rxc3 19. bxc3 Rxc3 20. gxf7+ Bxf7 21. Qf4 Ra3 22. Nb3 Bxb3 23. Bxf6 Bxf6 24. Qg3+ Kf8 25. cxb3 Ra1+ 26. Kc2 Qa2+ 27. Kd3 Qxb3+ 28. Ke2 Ra2+ 29. Kf1 Qxg3 0-1

[Event "Titled Tuesday intern op 04th Jan"]
[Site "Chess.com INT"]
[Date "2022.01.04"]
[Round "3"]
[White "Koutlas, Nikolaos"]
[Black "Shailendra, K Bajpai"]
[Result "0-1"]
[WhiteElo "2251"]
[BlackElo "2227"]
[PlyCount "54"]
[EventDate "2022.01.04"]
[EventType "swiss (blitz)"]
[EventRounds "11"]
[EventCountry "USA"]
[SourceTitle "EXT 2023"]
[Source "ChessBase"]
[SourceDate "2022.10.05"]
[SourceVersion "1"]
[SourceVersionDate "2022.10.05"]
[SourceQuality "1"]

1. e4 c5 2. Nf3 d6 3. Nc3 g6 4. d4 cxd4 5. Nxd4 Bg7 6. Bc4 Nf6 7. f3 0-0 8. Be3 Nc6 9. Qd2 Bd7 10. 0-0-0 Qa5 11. Nb3 Qb4 12. Bd3 Na5 13. Kb1 Rfc8 14. Bd4 Nxb3 15. axb3 Qxd4 16. h4 h5 17. g4 hxg4 18. h5 Nxh5 19. fxg4 Bxg4 20. Rdf1 Rxc3 21. e5 Rxd3 22. cxd3 Qxe5 23. Re1 Qf6 24. Rhf1 Bf5 25. Kc1 Rc8+ 26. Kb1 Bxd3+ 27. Ka2 Bxf1 0-1

[Event "Titled Tuesday intern op 04th Jan"]
[Site "Chess.com INT"]
[Date "2022.01.04"]
[Round "1"]
[White "Shailendra, K Bajpai"]
[Black "Harshad, S."]
[Result "0-1"]
[WhiteElo "2227"]
[BlackElo "2328"]
[PlyCount "72"]
[EventDate "2022.01.04"]
[EventType "swiss (blitz)"]
[EventRounds "11"]
[EventCountry "USA"]
[SourceTitle "EXT 2023"]
[Source "ChessBase"]
[SourceDate "2022.10.05"]
[SourceVersion "1"]
[SourceVersionDate "2022.10.05"]
[SourceQuality "1"]

1. e4 c5 2. Nc3 Nc6 3. g3 g6 4. Bg2 Bg7 5. d3 d6 6. Be3 Rb8 7. Nge2 Nd4 8. 0-0 b5 9. b4 Nxe2+ 10. Nxe2 Bxa1 11. Qxa1 Nf6 12. bxc5 dxc5 13. Bxc5 Qc7 14. Bd4 Qxc2 15. Bxf6 exf6 16. Qxf6 0-0 17. Nd4 Qc7 18. Nc6 Re8 19. Nxb8 Qxb8 20. Rc1 Be6 21. d4 Bxa2 22. e5 b4 23. Bc6 Re6 24. Qf4 b3 25. Bd7 b2 26. Bxe6 bxc1Q+ 27. Qxc1 Bxe6 28. Qc5 Qb7 29. f4 Kg7 30. Kf2 Qb2+ 31. Ke3 Qb3+ 32. Kd2 a6 33. Qe7 Qb2+ 34. Kd3 Bf5+ 35. Kc4 Qb5+ 36. Kc3 Qd3+ 0-1